Tulu Chandassu: ತುಳು ಛಂದಸ್ಸು (Record no. 229329)
[ view plain ]
| 000 -LEADER | |
|---|---|
| fixed length control field | 00786nam a22002057a 4500 |
| 005 - DATE AND TIME OF LATEST TRANSACTION | |
| control field | 20231128102716.0 |
| 008 - FIXED-LENGTH DATA ELEMENTS--GENERAL INFORMATION | |
| fixed length control field | 231128b ||||| |||| 00| 0 eng d |
| 020 ## - INTERNATIONAL STANDARD BOOK NUMBER | |
| International Standard Book Number | 9789383765959 |
| 040 ## - CATALOGING SOURCE | |
| Transcribing agency | AL |
| 041 ## - LANGUAGE CODE | |
| Language code of text/sound track or separate title | kan |
| 082 ## - DEWEY DECIMAL CLASSIFICATION NUMBER | |
| Edition number | 23 |
| Classification number | K494.6 |
| Item number | RADT |
| 100 ## - MAIN ENTRY--PERSONAL NAME | |
| Personal name | Radhakrishna Belluru: ರಾಧಾಕೃಷ್ಣ ಬೆಳ್ಳೂರು |
| 100 ## - MAIN ENTRY--PERSONAL NAME | |
| 9 (RLIN) | 143627 |
| 245 ## - TITLE STATEMENT | |
| Title | Tulu Chandassu: ತುಳು ಛಂದಸ್ಸು |
| 260 ## - PUBLICATION, DISTRIBUTION, ETC. | |
| Place of publication, distribution, etc. | Mangalore |
| Name of publisher, distributor, etc. | Prasaranga Mangalore University |
| Date of publication, distribution, etc. | 2015 |
| 300 ## - PHYSICAL DESCRIPTION | |
| Extent | xvi,153p. |
| Other physical details | PB |
| Dimensions | 21x14cm. |
| 365 ## - TRADE PRICE | |
| Source of price type code | Kannada |
| Price type code | 063-65 |
| Price amount | 90.00 |
| Currency code | ₹ |
| Unit of pricing | 180.00 |
| Price note | 50% |
| Price effective from | 23-11-2023 |
| 650 ## - SUBJECT ADDED ENTRY--TOPICAL TERM | |
| Topical term or geographic name entry element | Tulu Grammar: ತುಳು ವ್ಯಾಕರಣ |
| 9 (RLIN) | 143624 |
| 700 ## - ADDED ENTRY--PERSONAL NAME | |
| Personal name | BELLURU (Radhakrishna): ಬೆಳ್ಳೂರು (ರಾಧಾಕೃಷ್ಣ ) |
| 9 (RLIN) | 143625 |
| 942 ## - ADDED ENTRY ELEMENTS (KOHA) | |
| Source of classification or shelving scheme | Dewey Decimal Classification |
| Koha item type | Book |
| Withdrawn status | Lost status | Source of classification or shelving scheme | Damaged status | Not for loan | Collection code | Home library | Current library | Date acquired | Source of acquisition | Cost, normal purchase price | Total Checkouts | Full call number | Barcode | Date last seen | Cost, replacement price | Price effective from | Koha item type |
|---|---|---|---|---|---|---|---|---|---|---|---|---|---|---|---|---|---|
| Dewey Decimal Classification | Kannada | St Aloysius Library | St Aloysius Library | 11/24/2023 | Prasaranga Mangalore University | 90.00 | K494.6 RADT | 076950 | 11/28/2023 | 180.00 | 11/28/2023 | Book |